Herculoids Characters Quiz Stats

 Plays Quiz not verified by Sporcle

Challenge
Share
Tweet
Embed
Score 0/8 Timer 02:00
0 Plays Today
Description Name % Correct
The leaderZandor
87.9%
Flying space dragon that shoots lasers from its eyes and tailZok
87.9%
Larger of the amorphous blobsGloop
81.8%
Smaller of the amorphous blobsGleep
81.8%
His wifeTarra
78.8%
Giant rock ape often seen throwing a treeIgoo
75.8%
Ten-legged, four horned rhino that shoots explosive energy rocks from its front hornTundro
75.8%
Their sonDorno
72.7%

You're not logged in!

Compare scores with friends on all Sporcle quizzes.
OR
Log In

You Might Also Like...

Show Comments

Extras

Created Oct 26, 2009SourceReportNominate
Tags:character, description

Top Quizzes Today


Score Distribution

Your Account Isn't Verified!

In order to create a playlist on Sporcle, you need to verify the email address you used during registration. Go to your Sporcle Settings to finish the process.

Report this User

Report this user for behavior that violates our Community Guidelines.

Details: